| 000 | 02505cam a22005058i 4500 | ||
|---|---|---|---|
| 001 | 1947 | ||
| 003 | OCoLC | ||
| 005 | 20260413162235.0 | ||
| 007 | ta | ||
| 008 | 250723s2026 mnua b 000 1 eng | ||
| 010 | _a 2025028472 | ||
| 040 |
_aDLC _beng _erda _cDLC _dBDX _dOCLCO _dCHILD _dOQX _dOCLCO _dSDD _dJNE _dJBI _dVPW |
||
| 020 |
_a9798348027285 _q(hardcover) : _c$19.00 |
||
| 035 | _a(OCoLC)1529939288 | ||
| 041 | 1 |
_aeng _hswe |
|
| 042 | _apcc | ||
| 050 | 0 | 0 |
_aPZ7.E386 _bFr 2026 |
| 082 | 1 | 4 |
_a[Fic] _223 |
| 092 |
_aJ Fic _bStrandberg |
||
| 049 | _aVPW1 | ||
| 100 | 1 |
_aStrandberg, Mats, _d1976- _eauthor. _4aut _4http://id.loc.gov/vocabulary/relators/aut _1https://id.oclc.org/worldcat/entity/E39PBJhxkCkJGfj9tMcJbJhbVC _1http://id.loc.gov/rwo/agents/no2013045501 |
|
| 245 | 1 | 0 |
_aFrank the monster / _cMats Strandberg ; illustrated by Sofia Falkenhem ; [translation by] Julia Marshall. |
| 263 | _a2604 | ||
| 264 | 1 |
_aMinneapolis, MN : _bGecko Press, _c2026. |
|
| 300 |
_a107 pages : _billustrations (some color) ; _c22 cm |
||
| 334 |
_asingle unit _bmono _0http://id.loc.gov/vocabulary/issuance/mono |
||
| 336 |
_atext _btxt _2rdacontent _0http://id.loc.gov/vocabulary/contentTypes/txt |
||
| 337 |
_aunmediated _bn _2rdamedia _0http://id.loc.gov/vocabulary/mediaTypes/n |
||
| 338 |
_avolume _bnc _2rdacarrier _0http://id.loc.gov/vocabulary/carriers/nc |
||
| 385 |
_mAge group _nage _aChildren _2lcdgt _0http://id.loc.gov/authorities/demographicTerms/dg2015060010 |
||
| 500 | _aOriginal title: Monstret i natten. | ||
| 520 | _aNine-year-old Frank's ordinary life takes a terrifying turn when he shapeshifts into a werewolf, but he soon discovers he is not alone. | ||
| 521 |
_aAges 6-10 _bGecko Press. |
||
| 521 |
_aGrades 2-3 _bGecko Press. |
||
| 546 | _aIn English, translated from the Swedish. | ||
| 650 | 0 |
_aCity and town life _vJuvenile fiction. |
|
| 650 | 0 |
_aFamilies _vJuvenile fiction. |
|
| 650 | 0 |
_aMonsters _vJuvenile fiction. |
|
| 650 | 0 |
_aShapeshifting _vJuvenile fiction. |
|
| 655 | 7 |
_aMonster fiction. _2lcgft |
|
| 700 | 1 |
_aFalkenhem, Sofia, _d1982- _eillustrator. _4http://id.loc.gov/vocabulary/relators/ill _1http://id.loc.gov/rwo/agents/n2025028905 |
|
| 700 | 1 |
_aMarshall, Julia, _d1954- _etranslator. _4http://id.loc.gov/vocabulary/relators/trl _1https://id.oclc.org/worldcat/entity/E39PCjtvbyKKvJ8jt6bMCpJftq _1http://id.loc.gov/rwo/agents/no2006099253 |
|
| 730 | 0 |
_aMonstret i natten. _lEnglish _1http://id.loc.gov/resources/hubs/1555556d-46b0-1c44-996e-297f27d06059 |
|
| 910 | _an26/4 cr | ||
| 999 |
_c1947 _d1947 |
||